000
00263nmm a2200085Ia 4500
008
220120s9999||||xx |||||||||||||||||und||
100
_a
PCQ March 2010
245
0
_a
Open source aaplications for windows, knowledge inventory ma
260
_a
Cyber tach publication
_c
2010
999
_c
139468
_d
139468